Dettagli MARC
| 000 -LEADER |
| fixed length control field |
05723njm a2200721Ia 4500 |
| 001 - CONTROL NUMBER |
| control field |
D2690 |
| 003 - CONTROL NUMBER IDENTIFIER |
| control field |
IT-RoPAU |
| 005 - DATE AND TIME OF LATEST TRANSACTION |
| control field |
20220918181115.0 |
| 008 - FIXED-LENGTH DATA ELEMENTS--GENERAL INFORMATION |
| fixed length control field |
131025s9999 xx 000 0 und d |
| 040 ## - CATALOGING SOURCE |
| Original cataloging agency |
IT-RoPAU |
| 040 ## - CATALOGING SOURCE |
| Transcribing agency |
IT-RoPAU |
| 999 ## - SYSTEM CONTROL NUMBERS (KOHA) |
| Koha Dewey Subclass [OBSOLETE] |
n.d. |
| 100 ## - MAIN ENTRY--PERSONAL NAME |
| Personal name |
AA.VV. |
| 9 (RLIN) |
794 |
| 100 ## - MAIN ENTRY--PERSONAL NAME |
| Relator term |
Autore musica |
| 9 (RLIN) |
30756 |
| 100 ## - MAIN ENTRY--PERSONAL NAME |
| Miscellaneous information |
Codice autore musica SPICS: 12000 |
| 9 (RLIN) |
796 |
| 245 ## - TITLE STATEMENT |
| Title |
Fisarmonica nel jazz (La) |
| 250 ## - EDITION STATEMENT |
| Edition statement |
2a ed. |
| 260 ## - PUBLICATION, DISTRIBUTION, ETC. (IMPRINT) |
| Place of publication, distribution, etc. |
MILANO |
| 260 ## - PUBLICATION, DISTRIBUTION, ETC. (IMPRINT) |
| Name of publisher, distributor, etc. |
RUSCONI |
| Date of publication, distribution, etc. |
1995 [1a Ed.:] |
| 300 ## - PHYSICAL DESCRIPTION |
| Extent |
COMPACT DISC |
| 300 ## - PHYSICAL DESCRIPTION |
| Dimensions |
69 minuti (Testo: pag.) |
| 500 ## - GENERAL NOTE |
| General note |
Musica jazz. Cd fuori commercio allegato al n. 6 1995 della rivista "Musica jazz" |
| 505 ## - FORMATTED CONTENTS NOTE |
| Formatted contents note |
Accordion Joe (New York, 22 aprile 1930) (3:00)] - Strange Harmony [(Parigi, 5 dicembre 1935) (Richardet Louis) (3:00)] - Matelotte (Parigi, 17 dicembre 1940) (Viseur Gus) (4:00)] - Milk Bar [(Parigi, 30 maggio 1942) (Murena Tony) (3:00)] - China Boy [(Milano, 3 aprile 1939) (Kramer Gorni) (3:00)] - Carovana negra [(Londra 1948) (Kramer Gorni) (3:00)] - Good To the Last Bop [(New York, 17 febbraio 1949) (Shearing George Quintet) (3:00)] - Lover Come Back To Me [(1952) (Van Damme Art) (3:00)] - Bernie's Tune [(New York, 2 febbraio 1954) (Mathews Mat) (3:00)] - Le charmeur de serpents [(Parigi, 18 settembre 1941) (Carrara Emile) (4:00)] - Tenderly [(Hollywood, estate 1955) (Frontiere Dom) (3:00)] - How Low the Earth [(New York, 5 dicembre 1953) (Dijay Lanny) (4:00)] - Dig, inedito [(Sassari, 8 maggio 1993) (7:00)] - Lina's Blues [(Sassari, 8 maggio 1993) (9:00)] - Tango pour Claude [(Antica pieve della Mitria, 28 maggio 1994) (Galliano Richard) (5:00)] - Bergamo per quattro (Bergamo, 3 marzo 1995) (Coscia Gianni) (8:00)] - Paparazzi [(Tortona, sala giovani, febbraio 1995) (Salis Antonello) (8:00)] |
| 511 ## - PARTICIPANT OR PERFORMER NOTE |
| Participant or performer note |
William Cootie: tr; Whetsel Arthur: tr; Jenkins Freddy: tr; Nanton Joe: trne; Tizol Juan: trne; Hodges Johnny: alto; Bigard Barney: ten; Carney Harry: alto, bar; Smelser Joe: fisa; Ellington Duke: p; Guy Fred: banjo; Braud Wellman: cb; Greer Sonny: batt; Robertson Dick: voc; Duke Ellington and His Orchestra |
| 511 ## - PARTICIPANT OR PERFORMER NOTE |
| Participant or performer note |
Warlop Michel: vl; Richardet Louis: fisa; Ferret Etienne: chit; Ferret Jean: chit; Storne Jean: cb; Michel Warlop et son Orchestre |
| 511 ## - PARTICIPANT OR PERFORMER NOTE |
| Participant or performer note |
Luis André: cl; Viseur Gus: fisa; Ferret Etienne: chit; Ferret Jean: chit; Speilleux Maurice: cb |
| 511 ## - PARTICIPANT OR PERFORMER NOTE |
| Participant or performer note |
Murena Tony: fisa; Ferret Pierre: chit; Ferret Etienne: chit; Sconosciuto: cb |
| 511 ## - PARTICIPANT OR PERFORMER NOTE |
| Participant or performer note |
Rossi Aldo: cl, alto; Mkramer Gorni: fisa; Ceragioli Enzo: p; Di Ceglie Cosimo: chit; Ruggeri Giuseppe: batt |
| 511 ## - PARTICIPANT OR PERFORMER NOTE |
| Participant or performer note |
Kramer Gorni: fisa; Beltrami Wolmer: fisa; Mitchell Malcolm: chit; Nussbaum Joe: cb; Parnell Jack: batt |
| 511 ## - PARTICIPANT OR PERFORMER NOTE |
| Participant or performer note |
Shearing George: fisa; Hyams Marjorie: p, vib; Wayne Chuck: chit; Levy John: cb; Best Denzil: batt |
| 511 ## - PARTICIPANT OR PERFORMER NOTE |
| Participant or performer note |
Van Damme Art: fisa; Calzaretta Charlie: vib; Roberts Red: chit; Scheiner Claude: chit; Skalinger Lew: cb; Mariash Max: batt |
| 511 ## - PARTICIPANT OR PERFORMER NOTE |
| Participant or performer note |
Mann Herbie: fl; Mathews Mat: fisa; Weeks Bennie: chit; Heath Percy: cb; Clarke Kenny: batt |
| 511 ## - PARTICIPANT OR PERFORMER NOTE |
| Participant or performer note |
Carrara Emile: fisa; Louis Charles: p; Beck Sigismond: cb; Jourden André: batt |
| 511 ## - PARTICIPANT OR PERFORMER NOTE |
| Participant or performer note |
Dom Frontiere: fisarmonica |
| 511 ## - PARTICIPANT OR PERFORMER NOTE |
| Participant or performer note |
Macero Teo: ten; Dijay Lanny: fisa; Mingus Charles: cello, cb; Labella Louis: cb; Shaughnessy Ed: batt |
| 511 ## - PARTICIPANT OR PERFORMER NOTE |
| Participant or performer note |
Azzola Marcel, Rossi Joe, Coscia Gianni, Salis Antonello: fisa |
| 511 ## - PARTICIPANT OR PERFORMER NOTE |
| Participant or performer note |
Galliano Richard: fisa |
| 511 ## - PARTICIPANT OR PERFORMER NOTE |
| Participant or performer note |
Gianni Coscia: fisarmonica |
| 511 ## - PARTICIPANT OR PERFORMER NOTE |
| Participant or performer note |
Fresu Paolo: tr; flic; Salis Antonello: fisa; Di Castri Furio: cb |
| 650 ## - SUBJECT ADDED ENTRY--TOPICAL TERM |
| Topical term or geographic name as entry element |
JAZZ [COMPACT DISC] |
| Relator term |
Codice MATERIA SPICS: 9949 |
| 9 (RLIN) |
11822 |
| 700 ## - ADDED ENTRY--PERSONAL NAME |
| Personal name |
Cornell |
| Dates associated with a name |
Codice autore musica SPICS: 44076 |
| Relator term |
Autore musica |
| Name of part/section of a work |
Accordion Joe |
| 9 (RLIN) |
30757 |
| 700 ## - ADDED ENTRY--PERSONAL NAME |
| Personal name |
Wimbrow |
| Dates associated with a name |
Codice autore SPICS: 44077 |
| Relator term |
Autore |
| Name of part/section of a work |
Accordion Joe |
| 9 (RLIN) |
30758 |
| 700 ## - ADDED ENTRY--PERSONAL NAME |
| Personal name |
Warlop Michel |
| Dates associated with a name |
Codice autore musica SPICS: 44078 |
| Relator term |
Autore musica |
| Name of part/section of a work |
Strange Harmony |
| 9 (RLIN) |
30759 |
| 700 ## - ADDED ENTRY--PERSONAL NAME |
| Personal name |
Viseur Gus |
| Dates associated with a name |
Codice autore musica SPICS: 44079 |
| Relator term |
Autore musica |
| Name of part/section of a work |
Matelotte |
| 9 (RLIN) |
30760 |
| 700 ## - ADDED ENTRY--PERSONAL NAME |
| Personal name |
Murena Tony |
| Dates associated with a name |
Codice autore musica SPICS: 44080 |
| Relator term |
Autore musica |
| Name of part/section of a work |
Milk Bar |
| 9 (RLIN) |
30761 |
| 700 ## - ADDED ENTRY--PERSONAL NAME |
| Personal name |
Boutelja |
| Dates associated with a name |
Codice autore musica SPICS: 44083 |
| Relator term |
Autore musica |
| Name of part/section of a work |
China Boy |
| 9 (RLIN) |
30762 |
| 700 ## - ADDED ENTRY--PERSONAL NAME |
| Personal name |
Wilfree |
| Dates associated with a name |
Codice autore SPICS: 44084 |
| Relator term |
Autore |
| Name of part/section of a work |
China Boy |
| 9 (RLIN) |
30763 |
| 700 ## - ADDED ENTRY--PERSONAL NAME |
| Personal name |
Kramer Gorni |
| Dates associated with a name |
Codice autore musica SPICS: 11552 |
| Relator term |
Autore musica |
| Name of part/section of a work |
Carovana negra |
| 9 (RLIN) |
30764 |
| 700 ## - ADDED ENTRY--PERSONAL NAME |
| Personal name |
Shearing George Quintet |
| Dates associated with a name |
Codice autore musica SPICS: 16164 |
| Relator term |
Autore musica |
| Name of part/section of a work |
Good To the Last Bop |
| 9 (RLIN) |
30765 |
| 700 ## - ADDED ENTRY--PERSONAL NAME |
| Personal name |
Romberg |
| Dates associated with a name |
Codice autore musica SPICS: 20464 |
| Relator term |
Autore musica |
| Name of part/section of a work |
Lover Come Back To Me |
| 9 (RLIN) |
30766 |
| 700 ## - ADDED ENTRY--PERSONAL NAME |
| Personal name |
Hammerstein Oscar |
| Dates associated with a name |
Codice autore SPICS: 15701 |
| Relator term |
Autore |
| Name of part/section of a work |
Lover Come Back To Me |
| 9 (RLIN) |
30767 |
| 700 ## - ADDED ENTRY--PERSONAL NAME |
| Personal name |
Miller B. |
| Dates associated with a name |
Codice autore musica SPICS: 44087 |
| Relator term |
Autore musica |
| Name of part/section of a work |
Bernie's Tune |
| 9 (RLIN) |
30768 |
| 700 ## - ADDED ENTRY--PERSONAL NAME |
| Personal name |
Powell T. |
| Dates associated with a name |
Codice autore musica SPICS: 44081 |
| Relator term |
Autore musica |
| Name of part/section of a work |
Le charmeur de serpents |
| 9 (RLIN) |
30769 |
| 700 ## - ADDED ENTRY--PERSONAL NAME |
| Personal name |
Gross |
| Dates associated with a name |
Codice autore musica SPICS: 20511 |
| Relator term |
Autore musica |
| Name of part/section of a work |
Tenderly |
| 9 (RLIN) |
30770 |
| 700 ## - ADDED ENTRY--PERSONAL NAME |
| Personal name |
Lawrence |
| Dates associated with a name |
Codice autore SPICS: 20267 |
| Relator term |
Autore |
| Name of part/section of a work |
Tenderly |
| 9 (RLIN) |
30771 |
| 700 ## - ADDED ENTRY--PERSONAL NAME |
| Personal name |
Macero Teo |
| Dates associated with a name |
Codice autore musica SPICS: 44090 |
| Relator term |
Autore musica |
| Name of part/section of a work |
How Low the Earth |
| 9 (RLIN) |
30772 |
| 700 ## - ADDED ENTRY--PERSONAL NAME |
| Personal name |
Davis Miles |
| Dates associated with a name |
Codice autore musica SPICS: 10734 |
| Relator term |
Autore musica |
| Name of part/section of a work |
Dig |
| 9 (RLIN) |
30773 |
| 700 ## - ADDED ENTRY--PERSONAL NAME |
| Personal name |
Azzola Marcel |
| Dates associated with a name |
Codice autore musica SPICS: 44092 |
| Relator term |
Autore musica |
| Name of part/section of a work |
Lina's Blues |
| 9 (RLIN) |
30774 |
| 700 ## - ADDED ENTRY--PERSONAL NAME |
| Personal name |
Galliano Richard |
| Dates associated with a name |
Codice autore musica SPICS: 44093 |
| Relator term |
Autore musica |
| Name of part/section of a work |
Tango pour Claude |
| 9 (RLIN) |
30775 |
| 700 ## - ADDED ENTRY--PERSONAL NAME |
| Personal name |
Coscia Gianni |
| Dates associated with a name |
Codice autore musica SPICS: 44094 |
| Relator term |
Autore musica |
| Name of part/section of a work |
Bergamo per quattro |
| 9 (RLIN) |
30776 |
| 700 ## - ADDED ENTRY--PERSONAL NAME |
| Personal name |
Boomerang |
| Dates associated with a name |
Codice autore musica SPICS: 44095 |
| Relator term |
Autore musica |
| Name of part/section of a work |
Paparazzi |
| 9 (RLIN) |
30777 |
| 942 ## - ADDED ENTRY ELEMENTS (KOHA) |
| Koha item type |
CD AUDIO |
| Source of classification or shelving scheme |
Dewey Decimal Classification |